Statistics for US State(s) Area to Country

Click here to take the quiz!

General Stats

  • This quiz has been taken 3 times
  • The average score is 2 of 15

Answer Stats

QuestionAnswer% Correct
Vermont + New HampshireSlovakia
100%
VirginiaBulgaria
33%
AlabamaGreece
33%
One tenth of Rhode IslandSt Vincent and the Grenadines
33%
NevadaEcuador
0%
LouisianaGreece
0%
Half of CaliforniaGuyana
0%
IndianaHungary
0%
1.5 AlaskasKazakhstan
0%
NebraskaKyrgyzstan
0%
Biggest island of HawaiiLebanon
0%
IowaNepal
0%
North Dakota + South DakotaNorway
0%
DelawareTrinidad and Tobago
0%
Arizona + New MexicoUkraine
0%

Score Distribution

Percentile by Number Answered

Percent of People with Each Score

Your Score History

You have not taken this quiz